000 00544nam a2200157 i 4500
001 56984
003 ES-MaACL
005 20230906163506.0
007 t|
008 031014s1978 sp ||||1| spa d
110 1 _aEspaña.
_bDirección General de Teatro y Espectáculos.
_93786
245 1 4 _aUna publicación para el usuario /
_cDirección General de Teatro y Espectáculos.
260 _a[Madrid] :
_bMinisterio de Cultura, Secretaría General Técnica,
_c[1978]
300 _a90 p., 7 lám. ;
_c19 cm.
852 _aES-MaACL
_jA-8955
_bR.98365
999 _c56984
_d56984